Gently does it (Record no. 79338)
[ view plain ]
| 000 -LEADER | |
|---|---|
| fixed length control field | 01041cap a22002535a 4500 |
| 001 - CONTROL NUMBER | |
| control field | L140753 |
| 008 - FIXED-LENGTH DATA ELEMENTS--GENERAL INFORMATION | |
| fixed length control field | 071009e20071006xxk f 000 0 eng d |
| 035 ## - SYSTEM CONTROL NUMBER | |
| System control number | (Sirsi) u140753 |
| 041 0# - LANGUAGE CODE | |
| Language code of text/sound track or separate title | eng |
| 100 1# - MAIN ENTRY--PERSONAL NAME | |
| Personal name | Dale, Steven |
| 245 00 - TITLE STATEMENT | |
| Title | Gently does it |
| 260 ## - PUBLICATION, DISTRIBUTION, ETC. | |
| Date of publication, distribution, etc. | 2007 |
| 490 #0 - SERIES STATEMENT | |
| Series statement | Estates Gazette |
| Volume/sequential designation | (0740) 6 October 2007, 264-265(2) |
| 520 ## - SUMMARY, ETC. | |
| Summary, etc. | Explains how the procedure for seizure of goods for rent arrears in the commercial sector will become more conciliatory due to the Tribunals, Courts and Enforcement Act 2007. Provides an overview of the method of commercial rent arrears recovery and how it differs from the law of distress. |
| 590 ## - LOCAL NOTE (RLIN) | |
| Local note | ka |
| 650 24 - SUBJECT ADDED ENTRY--TOPICAL TERM | |
| Topical term or geographic name entry element | TRIBUNALS, COURTS AND ENFORCEMENT ACT 2007 |
| 650 24 - SUBJECT ADDED ENTRY--TOPICAL TERM | |
| Topical term or geographic name entry element | COMMERCIAL RENT ARREARS RECOVERY |
| 651 #4 - SUBJECT ADDED ENTRY--GEOGRAPHIC NAME | |
| Geographic name | United Kingdom |
| Chronological subdivision | |
| 690 ## - LOCAL SUBJECT ADDED ENTRY--TOPICAL TERM (OCLC, RLIN) | |
| Topical term or geographic name as entry element | PROPERTY-LANDLORD AND TENANT-TENANCIES-DISTRESS FOR RENT |
| 690 ## - LOCAL SUBJECT ADDED ENTRY--TOPICAL TERM (OCLC, RLIN) | |
| Topical term or geographic name as entry element | PROPERTY-COMMERCIAL PROPERTY-COMMERCIAL LANDLORD AND TENANT-BUSINESS TENANCIES |
| 700 1# - ADDED ENTRY--PERSONAL NAME | |
| Personal name | Rivers, Alison |
| 700 1# - ADDED ENTRY--PERSONAL NAME | |
| Personal name | Allen, Sarah |
| 942 ## - ADDED ENTRY ELEMENTS (KOHA) | |
| Suppress in OPAC | 0 |
| Withdrawn status | Lost status | Source of classification or shelving scheme | Damaged status | Not for loan | Home library | Current library | Shelving location | Date acquired | Total Checkouts | Full call number | Barcode | Date last seen | Copy number | Price effective from | Koha item type |
|---|---|---|---|---|---|---|---|---|---|---|---|---|---|---|---|
| Dewey Decimal Classification | London | London | Journal article | 10/10/2007 | L140753 | 140753-1001 | 06/08/2019 | 1 | 06/08/2019 | Journal article |